000
00343pab a2200145 454500
008
180718b1985 xxu||||| |||| 00| 0 eng d
100
_a
Raja, S.
245
_a
Budget gives boost to leather industry
260
_c
1985
300
_a
13-15
362
_a
29 Apr.
650
_a
Leather Industry and Trade
773
_a
Capital
909
_a
12432
999
_c
12432
_d
12432